| 000 | 00576nam a2200181 i 4500 | ||
|---|---|---|---|
| 001 | 56255 | ||
| 003 | ES-MaACL | ||
| 005 | 20250822063121.0 | ||
| 007 | t| | ||
| 008 | 031006s1967 sp ||||1| spa d | ||
| 100 | 1 |
_aDíaz de Villegas, José, _d1894-1968 _944253 |
|
| 245 | 1 | 3 |
_aLa División Azul en línea / _cJosé Díaz de Villegas. |
| 260 |
_aBarcelona : _bAcervo, _c[1967] |
||
| 300 |
_a237 p., 16 lám. ; _c20 cm. |
||
| 650 | 0 | 4 |
_aGuerra mundial, 1939-1945- _xParticipación española. _913251 |
| 852 |
_aES-MaACL _jC-50521 _bR.65529 |
||
| 999 |
_c56255 _d56255 |
||